[Event "52nd World Juniors 2013"]
[Site "Kocaeli TUR"]
[Date "2013.09.23"]
[Round "10.6"]
[White "Vidit, Santosh Gujrathi"]
[Black "Narayanan, Srinath"]
[Result "1-0"]
[WhiteTitle "GM"]
[BlackTitle "IM"]
[WhiteElo "2565"]
[BlackElo "2483"]
[WhiteFideId "5029465"]
[BlackFideId "5018420"]
[EventDate "2013.09.13"]

1. c4 Nf6 2. Nc3 g6 3. g3 Bg7 4. Bg2 O-O 5. Nf3 d6 6. O-O Nbd7 7. Rb1 e5 8. d3
c6 9. b4 d5 10. b5 dxc4 11. dxc4 Qa5 12. Qb3 Re8 13. Ng5 Nb8 14. Nce4 Qc7 15.
Ba3 Nxe4 16. Nxe4 Rd8 17. Rfd1 Rxd1+ 18. Rxd1 cxb5 19. cxb5 Nd7 20. Rc1 1-0

[Event "52nd World Juniors 2013"]
[Site "Kocaeli TUR"]
[Date "2013.09.23"]
[Round "10.7"]
[White "Sethuraman, S.P."]
[Black "Pavlidis, Antonios"]
[Result "1-0"]
[WhiteTitle "GM"]
[BlackTitle "IM"]
[WhiteElo "2553"]
[BlackElo "2471"]
[WhiteFideId "5021596"]
[BlackFideId "4212312"]
[EventDate "2013.09.13"]

1. d4 Nf6 2. c4 g6 3. Nc3 Bg7 4. e4 d6 5. f3 O-O 6. Be3 c5 7. Nge2 Nc6 8. d5 Ne5
9. Ng3 h5 10. Be2 h4 11. Nf1 e6 12. Nd2 exd5 13. cxd5 a6 14. O-O h3 15. g4 b5
16. g5 Nh7 17. f4 Nd7 18. Bg4 Bd4 19. Bxd4 cxd4 20. Ne2 Nc5 21. Ng3 Re8 22. Qf3
Na4 23. b3 Nc3 24. Bxc8 Rxc8 25. Qd3 f6 26. Nf3 fxg5 27. Nxd4 Qf6 28. f5 g4 29.
Nc6 b4 30. e5 1-0

[Event "52nd World Juniors 2013"]
[Site "Kocaeli TUR"]
[Date "2013.09.23"]
[Round "10.8"]
[White "Iermito, Sebastian"]
[Black "Eliseev, Urii"]
[Result "0-1"]
[WhiteTitle "IM"]
[BlackTitle "IM"]
[WhiteElo "2462"]
[BlackElo "2550"]
[WhiteFideId "114286"]
[BlackFideId "24131920"]
[EventDate "2013.09.13"]

1. e4 c5 2. Nf3 Nc6 3. Nc3 d6 4. d4 cxd4 5. Nxd4 Nf6 6. Bg5 e6 7. Qd2 a6 8.
O-O-O Bd7 9. f4 b5 10. Bxf6 gxf6 11. Kb1 Qb6 12. Nxc6 Bxc6 13. f5 b4 14. Ne2 e5
15. Ng3 h5 16. h4 Qc5 17. Qe2 Ke7 18. Nxh5 Bb5 19. Qg4 Bh6 20. Bd3 Bc6 21. Qe2
Qe3 22. Qxe3 Bxe3 23. g4 a5 24. Rh3 Bc5 25. Ng3 Rag8 26. Be2 Bf2 27. Bf3 Bxg3
28. Rxg3 Rxh4 29. Kc1 Rh2 30. Rd2 Rgh8 31. Rxh2 Rxh2 32. Bg2 Kf8 33. c3 Kg7 34.
cxb4 axb4 35. g5 Rh4 36. gxf6+ Kxf6 37. Re3 Kg5 38. Re2 Rh2 39. Rc2 Ba4 40. Rd2
Kf4 41. b3 Bb5 42. Rd5 Be2 0-1

[Event "52nd World Juniors 2013"]
[Site "Kocaeli TUR"]
[Date "2013.09.23"]
[Round "10.9"]
[White "Stukopin, Andrey"]
[Black "Dragomirescu, Robin-Alexandru"]
[Result "1-0"]
[WhiteTitle "IM"]
[BlackTitle "IM"]
[WhiteElo "2522"]
[BlackElo "2349"]
[WhiteFideId "24107131"]
[BlackFideId "1213849"]
[EventDate "2013.09.13"]

1. Nf3 Nf6 2. b3 g6 3. Bb2 Bg7 4. g3 O-O 5. Bg2 d6 6. d4 Nbd7 7. O-O e5 8. dxe5
Ng4 9. c4 Ngxe5 10. Nc3 a6 11. Nd4 Re8 12. Qd2 Rb8 13. h3 Nc5 14. Nd5 Bd7 15.
Rac1 Nc6 16. Rfd1 Ne4 17. Qd3 Nc5 18. Qc2 Ne6 19. Nf3 b5 20. cxb5 axb5 21. Bxg7
Kxg7 22. Qb2+ f6 23. Nd2 Nc5 24. b4 Na4 25. Qa1 Nb6 26. Nxf6 Qxf6 27. Qxf6+ Kxf6
28. Bxc6 Bxc6 29. Rxc6 Rb7 30. e3 Nd5 31. a3 Ra8 32. Ne4+ Ke5 33. Ng5 Nb6 34.
Nf7+ 1-0

[Event "52nd World Juniors 2013"]
[Site "Kocaeli TUR"]
[Date "2013.09.23"]
[Round "10.11"]
[White "Kanarek, Marcel"]
[Black "Muhammad, Luthfi Ali"]
[Result "1-0"]
[WhiteTitle "IM"]
[BlackTitle "CM"]
[WhiteElo "2483"]
[BlackElo "2277"]
[WhiteFideId "1126822"]
[BlackFideId "7103743"]
[EventDate "2013.09.13"]

1. e4 c5 2. Nf3 g6 3. d4 cxd4 4. Nxd4 Nc6 5. Nc3 Bg7 6. Be3 Nf6 7. Bc4 O-O 8.
Bb3 d6 9. f3 Bd7 10. Qd2 Na5 11. h4 Nxb3 12. Nxb3 b5 13. Bh6 Bxh6 14. Qxh6 e5
15. h5 Qe7 16. O-O-O b4 17. Nd5 Nxd5 18. Rxd5 Rfc8 19. hxg6 fxg6 20. Qd2 Be6 21.
Rxd6 a5 22. Kb1 a4 23. Nc1 b3 24. cxb3 axb3 25. Nxb3 Qa7 26. Na5 Bxa2+ 27. Kxa2
Qxa5+ 28. Qxa5 Rxa5+ 29. Kb1 Rca8 30. Rhd1 Ra1+ 31. Kc2 Rc8+ 32. Kd2 Ra4 33. Ke2
Rb4 34. Rd8+ Rxd8 35. Rxd8+ Kf7 36. Rd2 h5 37. Kd3 Ke6 38. Kc3 Rb8 39. b4 g5 40.
Rd5 g4 41. fxg4 hxg4 42. b5 Rc8+ 43. Kb3 Rc1 44. Rd2 Rb1+ 45. Ka4 Re1 46. b6
Rxe4+ 47. Kb3 Re3+ 48. Ka2 Re4 49. b7 Rb4 50. Rb2 Rxb7 51. Rxb7 Kf5 52. g3 Ke4
53. Rb3 Kd5 1-0

[Event "52nd World Juniors 2013"]
[Site "Kocaeli TUR"]
[Date "2013.09.23"]
[Round "10.12"]
[White "Salem, A.R. Saleh"]
[Black "Nasanjargal, Urtnasan"]
[Result "0-1"]
[WhiteTitle "GM"]
[BlackTitle "FM"]
[WhiteElo "2570"]
[BlackElo "2323"]
[WhiteFideId "9301348"]
[BlackFideId "4900774"]
[EventDate "2013.09.13"]

1. d4 Nf6 2. c4 e6 3. Nf3 d5 4. Nc3 Be7 5. Bg5 O-O 6. e3 h6 7. Bxf6 Bxf6 8. Rc1
b6 9. cxd5 exd5 10. b4 Be6 11. Be2 Be7 12. b5 a6 13. a4 c5 14. dxc5 bxc5 15. O-O
Qd6 16. Qc2 axb5 17. Bxb5 Na6 18. Rfd1 Nb4 19. Qe2 Qb6 20. Ne5 Rfd8 21. e4 d4
22. Nb1 Bg5 23. Nd2 Na2 24. Ndc4 Nxc1 25. Nxb6 Nxe2+ 26. Bxe2 Rab8 27. a5 Rd6
28. Nec4 Bxc4 29. Bxc4 Bd8 30. e5 Rc6 31. Bd5 Rc7 32. Ra1 Ra7 33. Nc4 Bxa5 34.
f4 Rd7 35. Be4 Bc3 36. Rd1 Rb4 37. Bd3 Ra7 38. Nd6 Kf8 39. Kf2 Raa4 40. Bb5 Ra3
41. Bf1 d3 42. g3 Bd4+ 43. Kf3 c4 44. Ke4 Ba7 45. Kd5 Ra5+ 46. Kc6 Rc5+ 47. Kd7
Bb6 48. h4 Rc7+ 49. Kd8 Ba5 0-1

[Event "52nd World Juniors 2013"]
[Site "Kocaeli TUR"]
[Date "2013.09.23"]
[Round "10.13"]
[White "Petenyi, Tamas"]
[Black "Baglan, Esat"]
[Result "1-0"]
[WhiteTitle "IM"]
[WhiteElo "2468"]
[BlackElo "2024"]
[WhiteFideId "14909090"]
[BlackFideId "6309216"]
[EventDate "2013.09.13"]

1. e4 c5 2. Nf3 g6 3. g3 Bg7 4. Bg2 Nc6 5. O-O d6 6. c3 Nf6 7. Re1 O-O 8. d3 Bg4
9. h3 Bxf3 10. Qxf3 Nd7 11. Qe2 Rb8 12. Be3 b5 13. a3 a5 14. Qc2 Qc7 15. Nd2
Rfc8 16. Rec1 Qb7 17. f4 b4 18. a4 Qa6 19. Bf1 Qb7 20. Rab1 e6 21. Bg2 Qa6 22.
Bf1 Qb7 23. Bf2 d5 24. exd5 exd5 25. Bg2 Nd8 26. Nb3 Ne6 27. c4 Nb6 28. cxd5 Nd4
29. Bxd4 Bxd4+ 30. Kh1 Qd7 31. Nxd4 cxd4 32. Qf2 Nxd5 33. Qxd4 Nb6 34. Rxc8+
Qxc8 35. b3 Qc7 36. Re1 Rd8 37. Qf6 Nd7 38. Qe7 Rf8 39. Re4 Qd8 40. Qxd8 Rxd8
41. Rd4 Kf8 42. Rd5 Ke7 43. Rxa5 Nf6 44. Re5+ Kf8 45. Rb5 Rxd3 46. Rxb4 Rd1+ 47.
Kh2 Rd2 48. Kg1 1-0

[Event "52nd World Juniors 2013"]
[Site "Kocaeli TUR"]
[Date "2013.09.23"]
[Round "10.15"]
[White "Ozdover, Mustafa Berkay"]
[Black "Fang, Yan"]
[Result "0-1"]
[WhiteElo "2005"]
[BlackElo "2281"]
[WhiteFideId "6311482"]
[BlackFideId "8604746"]
[EventDate "2013.09.13"]

1. d4 d6 2. c4 e5 3. dxe5 dxe5 4. Qxd8+ Kxd8 5. Nc3 c6 6. e4 Kc7 7. Be3 Na6 8.
f4 Bc5 9. Bxc5 Nxc5 10. fxe5 Ne7 11. Nf3 Ng6 12. Be2 Be6 13. Rc1 Rad8 14. O-O
Kb8 15. b3 h6 16. Rfd1 Nf4 17. Kf1 Bg4 18. Rxd8+ Rxd8 19. Rd1 Re8 20. h3 Bxf3
21. Bxf3 Kc7 22. Kf2 a5 23. Ke3 Ng6 24. Kd2 Rd8+ 25. Kc2 Rxd1 26. Bxd1 Nxe5 27.
Kd2 Kd6 28. Ke3 Ned7 29. a3 Ke5 30. Bc2 Nb6 31. a4 Ne6 32. Ne2 Nd7 33. g3 g5 34.
h4 Ndc5 35. hxg5 hxg5 36. Kf3 Nd4+ 37. Nxd4 Kxd4 38. Kg4 Kc3 39. e5 Kxc2 40.
Kxg5 Kxb3 41. g4 Kxc4 0-1

[Event "52nd World Juniors 2013"]
[Site "Kocaeli TUR"]
[Date "2013.09.23"]
[Round "10.17"]
[White "Grandelius, Nils"]
[Black "Lozhnikov, Vyacheslav"]
[Result "1-0"]
[WhiteTitle "GM"]
[BlackTitle "FM"]
[WhiteElo "2576"]
[BlackElo "2339"]
[WhiteFideId "1710400"]
[BlackFideId "13704761"]
[EventDate "2013.09.13"]

1. c4 Nf6 2. Nc3 d5 3. cxd5 Nxd5 4. g3 g6 5. Bg2 Nxc3 6. bxc3 Bg7 7. Rb1 Nc6 8.
h4 Qd7 9. Qa4 Nd8 10. Qc2 Qf5 11. d3 Qa5 12. Bd2 Bd7 13. h5 Qa6 14. Nf3 Bc6 15.
Rb4 Ne6 16. d4 f5 17. hxg6 hxg6 18. Rxh8+ Bxh8 19. Qb3 Be4 20. Ng5 Nxg5 21. Qg8+
Kd7 22. Qxa8 Qxa2 23. f3 1-0

[Event "52nd World Juniors 2013"]
[Site "Kocaeli TUR"]
[Date "2013.09.23"]
[Round "10.18"]
[White "Javakhadze, Zurab"]
[Black "Georgiadis, Nico"]
[Result "1-0"]
[WhiteTitle "IM"]
[BlackTitle "FM"]
[WhiteElo "2457"]
[BlackElo "2396"]
[WhiteFideId "13603647"]
[BlackFideId "1300113"]
[EventDate "2013.09.13"]

1. g3 f5 2. d4 Nf6 3. Bg2 g6 4. Nh3 Bg7 5. Nf4 Nc6 6. d5 Ne5 7. h4 O-O 8. Nc3
Nf7 9. h5 g5 10. h6 Bxh6 11. Nh5 Nxh5 12. Rxh5 d6 13. Rxh6 Nxh6 14. Bxg5 Nf7 15.
Bf4 Bd7 16. e4 e5 17. dxe6 Bxe6 18. Qh5 Qf6 19. O-O-O Qg6 20. Qh4 Rae8 21. Bf3
fxe4 22. Bh5 Qf5 23. Be3 Qh3 24. Nxe4 Qxh4 25. gxh4 Re7 26. Rg1+ Kh8 27. f4 Bd5
28. Bd4+ Ne5 29. fxe5 dxe5 30. Bc5 Rg7 31. Re1 Rf5 32. Bd1 b6 33. Nc3 Bc6 34.
Be3 Rg2 35. Bg5 Kg8 36. Be2 e4 37. Bc4+ Kg7 38. Nd1 Rh2 39. Ne3 Rf3 40. Rg1 Kf8
41. Ng4 1-0

[Event "52nd World Juniors 2013"]
[Site "Kocaeli TUR"]
[Date "2013.09.23"]
[Round "10.19"]
[White "Kurayan, Ruslan"]
[Black "Ynojosa, Felix Jose"]
[Result "0-1"]
[BlackTitle "IM"]
[WhiteElo "2398"]
[BlackElo "2439"]
[WhiteFideId "14120615"]
[BlackFideId "3900258"]
[EventDate "2013.09.13"]

1. e4 c5 2. Nf3 Nc6 3. d4 cxd4 4. Nxd4 e5 5. Nb5 d6 6. N1c3 a6 7. Na3 b5 8. Nd5
Nf6 9. Bg5 Be7 10. Bxf6 Bxf6 11. c4 b4 12. Nc2 Rb8 13. b3 Bg5 14. g3 O-O 15. h4
Bh6 16. Bh3 Be6 17. Kf1 Bxd5 18. Qxd5 Ne7 19. Qd3 Qb6 20. Kg2 g6 21. h5 Kg7 22.
a3 bxa3 23. Rxa3 f5 24. f3 f4 25. Rha1 fxg3 26. Kxg3 gxh5 27. b4 Ng6 28. Qf1 Qd8
29. Kh2 Nh4 30. Ne3 Rxb4 31. Nf5+ Nxf5 32. exf5 Rb2+ 33. Kh1 Qh4 34. R3a2 Rxa2
35. Rxa2 Bf4 36. f6+ Rxf6 37. Rxa6 Rg6 38. Ra2 Rg3 39. Rh2 Rg6 40. Re2 Kh6 41.
Rc2 Be3 0-1

[Event "52nd World Juniors 2013"]
[Site "Kocaeli TUR"]
[Date "2013.09.23"]
[Round "10.20"]
[White "Dimitrov, Radoslav"]
[Black "Grandadam, Nicolas"]
[Result "1-0"]
[WhiteTitle "IM"]
[BlackTitle "FM"]
[WhiteElo "2437"]
[BlackElo "2309"]
[WhiteFideId "2908549"]
[BlackFideId "681806"]
[EventDate "2013.09.13"]

1. e4 c5 2. Nc3 a6 3. f4 e6 4. Nf3 Nc6 5. d4 cxd4 6. Nxd4 Nxd4 7. Qxd4 Qc7 8.
Be3 b5 9. O-O-O Bb7 10. Bd3 Rc8 11. Rhe1 Nf6 12. e5 Nd5 13. Ne4 Nb4 14. c3 Nxd3+
15. Rxd3 Bd5 16. Nd6+ Bxd6 17. exd6 Qxd6 18. Qxg7 Qf8 19. Qf6 Bc4 20. Rd2 b4 21.
b3 Bb5 22. c4 Rg8 23. Kb2 Bc6 24. Bd4 Rxg2 25. Rxg2 Bxg2 26. Rg1 Be4 27. Rg7 Bg6
28. f5 Bxf5 29. Bf2 1-0

[Event "52nd World Juniors 2013"]
[Site "Kocaeli TUR"]
[Date "2013.09.23"]
[Round "10.21"]
[White "Meribanov, Vitaly"]
[Black "Tomazini, Aljosa"]
[Result "1/2-1/2"]
[WhiteTitle "FM"]
[BlackTitle "FM"]
[WhiteElo "2433"]
[BlackElo "2251"]
[WhiteFideId "13504363"]
[BlackFideId "14608154"]
[EventDate "2013.09.13"]

1. e4 e5 2. Nf3 Nc6 3. Bb5 a6 4. Ba4 Nge7 5. Nc3 d6 6. O-O Bd7 7. d3 Ng6 8. Be3
Be7 9. Nd5 O-O 10. c3 Kh8 11. d4 f5 12. Nxe7 Qxe7 13. Bg5 Qe8 14. exf5 Rxf5 15.
Qd2 Nxd4 16. Nxd4 exd4 17. Rfe1 Qf7 18. Bb3 dxc3 19. bxc3 Qf8 20. Bc2 Rf7 21. h4
Ne5 22. Bb3 Rf5 23. Bc2 Rf7 24. Bb3 Rf5 25. Bc2 Rf7 26. Bb3 Rf5 27. Bc2 Rf7 28.
Bb3 Rf5 29. Bc2 Rf7 30. Bb3 Rf5 1/2-1/2

[Event "52nd World Juniors 2013"]
[Site "Kocaeli TUR"]
[Date "2013.09.23"]
[Round "10.22"]
[White "Velten, Paul"]
[Black "Wang, Yiye"]
[Result "0-1"]
[WhiteTitle "FM"]
[WhiteElo "2427"]
[BlackElo "2258"]
[WhiteFideId "681091"]
[BlackFideId "8606021"]
[EventDate "2013.09.13"]

1. Nf3 Nf6 2. c4 g6 3. Nc3 d6 4. g3 Bg7 5. Bg2 O-O 6. O-O c6 7. d4 Be6 8. b3 d5
9. cxd5 Nxd5 10. Na4 Na6 11. Bb2 Nb6 12. Nc3 h6 13. e3 Rc8 14. Qe2 Qc7 15. Rac1
Rfd8 16. h3 Qb8 17. e4 Qd6 18. Rfd1 Qb4 19. Rc2 Qa5 20. Rcc1 Qh5 21. Kh2 Bg4 22.
Qe3 Bxf3 23. Bxf3 Qg5 24. Qxg5 hxg5 25. e5 Bh6 26. Bg4 Rc7 27. Ne4 Nd5 28. Kg2
f5 29. exf6 exf6 30. Nc3 Nab4 31. Nxd5 Nxd5 32. Re1 f5 33. Bf3 g4 34. Bxd5+ Rxd5
35. Re8+ Kf7 36. Rce1 gxh3+ 37. Kxh3 Bg7 38. Ba3 Rdd7 39. f4 Bxd4 40. Rf8+ Kg7
41. Ree8 c5 42. g4 Re7 43. Rg8+ Kh7 44. gxf5 Rxe8 45. Rxe8 gxf5 46. Kg3 Kg6 47.
Kf3 Rh7 48. Rg8+ Kf6 49. Rc8 Rh3+ 50. Ke2 b6 51. Rc6+ Ke7 52. Rc7+ Ke6 53. Rxa7
Rh2+ 54. Kd3 Rxa2 55. Bxc5 Rxa7 56. Bxd4 Kd5 57. Bxb6 Rb7 58. Bd8 Rxb3+ 59. Ke2
Ke4 60. Bg5 Rb2+ 61. Kf1 Kf3 62. Kg1 Rb7 63. Kh2 Rh7+ 0-1

[Event "52nd World Juniors 2013"]
[Site "Kocaeli TUR"]
[Date "2013.09.23"]
[Round "10.23"]
[White "Ashiku, Franc"]
[Black "Firat, Burak"]
[Result "0-1"]
[BlackTitle "IM"]
[WhiteElo "2253"]
[BlackElo "2423"]
[WhiteFideId "4700066"]
[BlackFideId "6305881"]
[EventDate "2013.09.13"]

1. e4 e6 2. d4 d5 3. e5 c5 4. c3 Nc6 5. Nf3 Bd7 6. a3 c4 7. Nbd2 Na5 8. g3 Qc7
9. h4 O-O-O 10. Bh3 f5 11. exf6 gxf6 12. O-O Nh6 13. Re1 Nf5 14. Bxf5 exf5 15.
Nf1 Nb3 16. Bf4 Bd6 17. Bxd6 Qxd6 18. Ra2 f4 19. N3d2 Rhg8 20. Kg2 fxg3 21. fxg3
Bg4 22. Qc2 Rde8 23. Rxe8+ Rxe8 24. Nxb3 cxb3 25. Qxb3 Re2+ 26. Kg1 0-1

[Event "52nd World Juniors 2013"]
[Site "Kocaeli TUR"]
[Date "2013.09.23"]
[Round "10.24"]
[White "Docena, Jerad"]
[Black "Sanal, Vahap"]
[Result "0-1"]
[BlackTitle "IM"]
[WhiteElo "2227"]
[BlackElo "2419"]
[WhiteFideId "5208173"]
[BlackFideId "6300545"]
[EventDate "2013.09.13"]

1. e4 e5 2. Nf3 Nc6 3. d4 exd4 4. Nxd4 Bc5 5. Nb3 Bb6 6. Nc3 Nf6 7. Bg5 O-O 8.
Qe2 h6 9. Bh4 Nd4 10. Qd3 Nxb3 11. cxb3 c6 12. O-O-O Bc7 13. f3 Re8 14. Kb1 b5
15. g4 a5 16. Qc2 Be5 17. g5 Nh5 18. Rg1 Bf4 19. Ne2 Be3 20. Rg2 d5 21. Qc3 hxg5
22. Qxe3 gxh4 23. Qh6 Qf6 24. Qxf6 Nxf6 25. Nd4 dxe4 26. fxe4 Rxe4 27. Bd3 Rxd4
28. Bh7+ Kxh7 29. Rxd4 Bf5+ 30. Kc1 h3 31. Rf2 g6 32. Rf3 Re8 0-1

[Event "52nd World Juniors 2013"]
[Site "Kocaeli TUR"]
[Date "2013.09.23"]
[Round "10.25"]
[White "Bortnyk, Mykola"]
[Black "Nuri, Murad"]
[Result "1-0"]
[WhiteElo "2417"]
[BlackElo "2206"]
[WhiteFideId "14120836"]
[BlackFideId "13404474"]
[EventDate "2013.09.13"]

1. e4 e6 2. d4 d5 3. Nc3 Bb4 4. exd5 exd5 5. Bd3 c6 6. a3 Bd6 7. Nf3 Ne7 8. O-O
O-O 9. Bg5 Qc7 10. Qd2 f6 11. Bh4 Nf5 12. Bg3 Nxg3 13. fxg3 Bg4 14. Nd1 g6 15.
Ne3 Be6 16. Rae1 Nd7 17. c4 Rae8 18. c5 Be7 19. g4 Ne5 20. dxe5 fxe5 21. b4 e4
22. Nd4 Bc8 23. Bc2 Qe5 24. Bb3 Bf6 25. Ne2 Kg7 26. Nf4 Rd8 27. g3 b5 28. h4 d4
29. g5 Be7 30. Neg2 Bf5 31. Qe2 e3 32. Qb2 1-0

[Event "52nd World Juniors 2013"]
[Site "Kocaeli TUR"]
[Date "2013.09.23"]
[Round "10.26"]
[White "Bai, Jinshi"]
[Black "Uysal, Burak"]
[Result "1-0"]
[WhiteElo "2419"]
[BlackElo "1928"]
[WhiteFideId "8602280"]
[BlackFideId "6339387"]
[EventDate "2013.09.13"]

1. d4 Nf6 2. Nf3 e6 3. c4 b6 4. g3 Ba6 5. b3 Bb4+ 6. Bd2 Be7 7. Bg2 c6 8. O-O d5
9. Qc2 O-O 10. Bf4 Nbd7 11. Rd1 Rc8 12. Nbd2 Nh5 13. Be3 f5 14. Nf1 Qe8 15. Ne5
Bd6 16. f4 Nhf6 17. Nd2 Bb7 18. Ndf3 c5 19. Nxd7 Qxd7 20. dxc5 bxc5 21. Bc1 Qe7
22. e3 dxc4 23. bxc4 Be4 24. Qe2 Rb8 25. Bb2 Rb6 26. Bc3 Rfb8 27. Nd2 Qb7 28.
Bxf6 Bxg2 29. Bxg7 Bh3 30. Bc3 Bg4 31. Qd3 Bxd1 32. Rxd1 Bf8 33. Be5 Rc8 34. Nb3
Bg7 35. Nxc5 Qc6 36. Bxg7 Kxg7 37. Qd4+ Kg6 38. Nd7 Qxd7 39. Qxd7 Rxc4 40. Qe8+ 1-0

[Event "52nd World Juniors 2013"]
[Site "Kocaeli TUR"]
[Date "2013.09.23"]
[Round "10.27"]
[White "Saiyn, Zhanat"]
[Black "Sunilduth Lyna, Narayanan"]
[Result "1-0"]
[WhiteTitle "FM"]
[WhiteElo "2337"]
[BlackElo "2408"]
[WhiteFideId "13703820"]
[BlackFideId "5058422"]
[EventDate "2013.09.13"]

1. d4 Nf6 2. c4 c5 3. d5 e6 4. Nc3 exd5 5. cxd5 d6 6. Nf3 g6 7. Bf4 a6 8. a4 Bg7
9. h3 O-O 10. e3 Qe7 11. Be2 Nbd7 12. O-O Ne8 13. Qb3 h6 14. Rfe1 f5 15. Bh2 g5
16. Nd2 Ne5 17. f4 Nf7 18. Bd3 Nf6 19. Qc2 Nh5 20. Bxf5 gxf4 21. exf4 Qf6 22.
Bxc8 Raxc8 23. Nde4 Qd4+ 24. Kh1 b5 25. axb5 axb5 26. Nxb5 Qxd5 27. Rad1 Qa2 28.
Nexd6 Rb8 29. Qg6 Nxd6 30. Nxd6 Rxb2 31. Qxh5 Rxg2 32. Qd5+ Qxd5 33. Rxd5 Rc2
34. Nf5 Bf6 35. Rd7 Kh8 36. Nxh6 1-0

[Event "52nd World Juniors 2013"]
[Site "Kocaeli TUR"]
[Date "2013.09.23"]
[Round "10.28"]
[White "Benitez Lozano, Javier"]
[Black "Farid, Firman Syah"]
[Result "1-0"]
[WhiteTitle "CM"]
[BlackTitle "IM"]
[WhiteElo "2308"]
[BlackElo "2433"]
[WhiteFideId "5102472"]
[BlackFideId "7102526"]
[EventDate "2013.09.13"]

1. Nf3 g6 2. e4 Bg7 3. d4 d6 4. Nc3 Nf6 5. Be2 O-O 6. O-O Bg4 7. Bg5 Nc6 8. d5
Bxf3 9. Bxf3 Ne5 10. Be2 c6 11. Qd2 Rc8 12. Kh1 cxd5 13. Bxf6 Bxf6 14. Nxd5 Bg7
15. c3 e6 16. Ne3 Qe7 17. f4 Nc6 18. Rad1 Rfd8 19. a3 Na5 20. Qe1 a6 21. Qf2 Re8
22. Bd3 Nc6 23. Bc4 b5 24. Ba2 Na5 25. f5 Qc7 26. Ng4 Nc4 27. Rd3 exf5 28. exf5
Re4 29. Qh4 Rce8 30. fxg6 fxg6 31. Rh3 h5 32. Nf6+ Bxf6 33. Qxf6 R4e6 34. Qg5
Qc5 35. Rxh5 Qxg5 36. Rxg5 Rf6 37. Kg1 Kg7 38. Bxc4 bxc4 39. Rd5 Rfe6 40. h3 Rb8
41. Rf2 Re1+ 42. Kh2 Rb6 43. Rd4 Rb1 44. Rxc4 R6xb2 45. Rc7+ Kh6 46. Rff7 Rd1
47. h4 Kh5 48. Kh3 g5 49. g4+ 1-0

[Event "52nd World Juniors 2013"]
[Site "Kocaeli TUR"]
[Date "2013.09.23"]
[Round "10.29"]
[White "Baghdasaryan, Vahe"]
[Black "Gaehwiler, Gabriel"]
[Result "0-1"]
[WhiteTitle "IM"]
[WhiteElo "2423"]
[BlackElo "2287"]
[WhiteFideId "13303139"]
[BlackFideId "1314530"]
[EventDate "2013.09.13"]

1. e4 c5 2. Nf3 d6 3. d4 cxd4 4. Nxd4 Nf6 5. Nc3 Nc6 6. Bg5 g6 7. Qd2 Bg7 8. Nf3
h6 9. Bf4 g5 10. Bg3 Qb6 11. Bd3 Be6 12. O-O Rd8 13. a4 a6 14. a5 Qc5 15. Rfb1
Nh5 16. Ra3 g4 17. Nh4 Nxg3 18. hxg3 Qg5 19. Qe1 Nxa5 20. Nd5 Nc6 21. Nc7+ Kf8
22. Nxe6+ fxe6 23. Bc4 d5 24. f4 gxf3 25. Rxf3+ Bf6 26. exd5 Ne5 27. Qxe5 Qxe5
28. Ng6+ Kg7 29. Nxe5 exd5 30. Ba2 Bxe5 31. Rd1 Rhf8 32. Re3 Rf5 33. g4 Rg5 34.
Bxd5 e6 0-1

[Event "52nd World Juniors 2013"]
[Site "Kocaeli TUR"]
[Date "2013.09.23"]
[Round "10.30"]
[White "Tomazini, Zan"]
[Black "Martinez Romero, Martin"]
[Result "0-1"]
[WhiteTitle "FM"]
[BlackTitle "IM"]
[WhiteElo "2277"]
[BlackElo "2404"]
[WhiteFideId "14608162"]
[BlackFideId "4404025"]
[EventDate "2013.09.13"]

1. e4 c5 2. Nf3 d6 3. d4 cxd4 4. Nxd4 Nf6 5. Nc3 a6 6. Bc4 e6 7. Bb3 Nc6 8. Be3
Bd7 9. f3 Rc8 10. g4 h6 11. Qe2 Na5 12. h4 g6 13. h5 g5 14. O-O-O Qc7 15. Rhe1
Nc4 16. Bg1 Be7 17. Bh2 Ne5 18. Rg1 b5 19. a3 Rg8 20. Rd2 Qa5 21. Na2 Qb6 22.
Kb1 a5 23. c3 Kf8 24. Qd1 Kg7 25. f4 gxf4 26. Bxf4 Kh7 27. g5 hxg5 28. Bxe5 dxe5
29. Nf3 Bc6 30. Nxg5+ Rxg5 31. Rxg5 Nxe4 32. Rxe5 Nxd2+ 33. Qxd2 Qg1+ 34. Re1
Qg5 35. Bc2+ Kg8 36. Qh2 Qh6 37. Rf1 Bd5 38. Qg3+ Qg7 39. Qh2 Qh6 40. Qg1+ Kf8
41. Bg6 f6 42. Qa7 Qg5 43. Qxa5 Qg2 44. Re1 Qd2 45. Rg1 Qf2 46. Rc1 f5 47. Nb4
Be4+ 48. Ka2 Qd2 49. Qa6 Bd5+ 50. Nxd5 Qxd5+ 51. Ka1 Ra8 52. Qb6 Bxa3 53. Kb1
Bxb2 54. c4 Qe5 55. Rg1 Ra1+ 56. Kc2 Qc3# 0-1

[Event "52nd World Juniors 2013"]
[Site "Kocaeli TUR"]
[Date "2013.09.23"]
[Round "10.32"]
[White "Chu, Wei Chao"]
[Black "Akhmetov, Ayan"]
[Result "0-1"]
[WhiteElo "2270"]
[BlackElo "2382"]
[WhiteFideId "8605661"]
[BlackFideId "13703706"]
[EventDate "2013.09.13"]

1. d4 Nf6 2. c4 e6 3. Nf3 Bb4+ 4. Nbd2 O-O 5. a3 Be7 6. e4 d5 7. e5 Nfd7 8. Bd3
c5 9. O-O Nc6 10. Re1 a5 11. h3 a4 12. cxd5 exd5 13. Bc2 cxd4 14. Bxa4 Qc7 15.
Nf1 Ndxe5 16. Nxe5 Nxe5 17. Bf4 Bd6 18. Rc1 Nc4 19. Bxd6 Qxd6 20. Qxd4 Rxa4 21.
b3 Rxa3 22. bxc4 Qg6 23. cxd5 Rd3 24. Qc4 Bxh3 25. Ng3 Bd7 26. Re7 b5 27. Qc5
Bg4 28. Qxb5 h5 29. Re8 Rxe8 30. Qxe8+ Kh7 31. Qe4 Qxe4 32. Nxe4 Rxd5 33. Rc5
Rd4 34. f3 Kg6 35. fxg4 Rxe4 36. gxh5+ Kh6 37. Kf2 Rh4 38. Kf3 Rxh5 39. Rc3 Ra5
40. Rb3 g6 41. Rc3 Kh5 42. Kg3 f5 43. Rb3 g5 44. Kf3 Ra4 45. Rc3 Kh4 46. Rb3 Ra2
47. Rb5 g4+ 48. Ke3 Kg3 49. Kd4 0-1

[Event "52nd World Juniors 2013"]
[Site "Kocaeli TUR"]
[Date "2013.09.23"]
[Round "10.33"]
[White "Antal, Tibor Kende"]
[Black "Emiroglu, Cankut"]
[Result "1/2-1/2"]
[WhiteTitle "FM"]
[BlackTitle "CM"]
[WhiteElo "2321"]
[BlackElo "2260"]
[WhiteFideId "738581"]
[BlackFideId "6306659"]
[EventDate "2013.09.13"]

1. d4 Nf6 2. c4 e6 3. Nf3 b6 4. Bf4 Bb7 5. e3 Bb4+ 6. Nfd2 O-O 7. a3 Be7 8. Nc3
c5 9. dxc5 bxc5 10. Qc2 Nc6 11. Bd3 d5 12. cxd5 exd5 13. Nf3 d4 14. Na4 dxe3 15.
fxe3 Qa5+ 16. Kf2 Rad8 17. Rhd1 Ba6 18. Bxa6 Qxa6 19. Nc3 Qc4 20. Rxd8 Rxd8 21.
Rd1 Rxd1 22. Qxd1 h6 23. h3 Ne4+ 24. Nxe4 Qxe4 25. Bd6 Bf6 26. Bxc5 Bxb2 27. Qd6
Bf6 28. Qf8+ Kh7 29. Bd6 Qe6 30. h4 Qc4 1/2-1/2